Era lunes ayer / Máximo Vega (Registro nro. 21589)
[ vista simple ]
| 000 -LEADER | |
|---|---|
| fixed length control field | 00781nam a2200265Ia 4500 |
| 001 - CONTROL NUMBER | |
| control field | 20132 |
| 003 - CONTROL NUMBER IDENTIFIER | |
| control field | DO-CoUTE |
| 005 - DATE AND TIME OF LATEST TRANSACTION | |
| control field | 20260204212635.0 |
| 008 - FIXED-LENGTH DATA ELEMENTS--GENERAL INFORMATION | |
| fixed length control field | 220104s9999 dr 000 0 spa d |
| 020 ## - INTERNATIONAL STANDARD BOOK NUMBER | |
| International Standard Book Number | 978-9945-582-04-8 |
| 040 ## - CATALOGING SOURCE | |
| Original cataloging agency | DO-CoUTE |
| Language of cataloging | spa |
| Transcribing agency | DO-CoUTE |
| 041 0# - LANGUAGE CODE | |
| Language code of text/sound track or separate title | spa |
| 082 ## - DEWEY DECIMAL CLASSIFICATION NUMBER | |
| Classification number | RD 863.5 V422e |
| 100 1# - MAIN ENTRY--PERSONAL NAME | |
| Personal name | Vega, Máximo |
| 245 10 - TITLE STATEMENT | |
| Title | Era lunes ayer / Máximo Vega |
| 260 ## - PUBLICATION, DISTRIBUTION, ETC. | |
| Place of publication, distribution, etc. | Santo Domingo, República Dominicana: Banco Central |
| 300 ## - PHYSICAL DESCRIPTION | |
| Extent | 192 páginas |
| 490 ## - SERIES STATEMENT | |
| Series statement | Arte y Literatura |
| 500 ## - GENERAL NOTE | |
| General note | Colección del Banco Central de la República Dominicana |
| 650 #4 - SUBJECT ADDED ENTRY--TOPICAL TERM | |
| Topical term or geographic name entry element | Cuentos Dominicanos |
| 710 ## - ADDED ENTRY--CORPORATE NAME | |
| Corporate name or jurisdiction name as entry element | Banco Central de la República Dominicana |
| 942 ## - ADDED ENTRY ELEMENTS (KOHA) | |
| Source of classification or shelving scheme | Dewey Decimal Classification |
| Koha item type | Libros |
| Withdrawn status | Lost status | Source of classification or shelving scheme | Damaged status | Not for loan | Collection code | Home library | Current library | Date acquired | Inventory number | Total Checkouts | Full call number | Barcode | Date last seen | Copy number | Price effective from | Koha item type | Shelving location |
|---|---|---|---|---|---|---|---|---|---|---|---|---|---|---|---|---|---|
| Dewey Decimal Classification | Colección Dominicana | Biblioteca UTECO | Biblioteca UTECO | 01/02/2021 | 019857 | RD 863.5 V422e | 019857 | 03/30/2022 | Ej.1 | 01/03/2021 | Libros | ||||||
| Dewey Decimal Classification | Colección General | Biblioteca UTECO | Biblioteca UTECO | 10/02/2024 | 023129 | RD 863.5 V422E | 023129 | 10/02/2024 | Ej.2 | 10/02/2024 | Libros | En Estantería |
